Statistics for World Capitals Closest to Hong Kong - 30 Second Sprint

Click here to take the quiz!

General Stats

  • This quiz has been taken 16 times
  • The average score is 8 of 20

Answer Stats

kmcapitalmiles% Correct
1974Beijing1227
85%
2099Seoul1304
85%
2886Tokyo1793
85%
814Taipei506
69%
873Hanoi543
62%
2584Singapore1606
62%
3266Jakarta2030
54%
2167Pyongyang1347
54%
1728Bangkok1074
46%
2521Kuala Lumpur1566
46%
1116Manila694
38%
1549Phnom Penh963
31%
1297Vientiane806
31%
1935Bandar Seri
Begawan
1202
23%
2437Dhaka1540
23%
2966Kathmandu1843
15%
1899Naypyidaw1180
15%
2540Thimphu1578
8%
2924Ulaanbaatar1817
8%
2740Ngerulmud1703
0%

Score Distribution

Percentile by Number Answered

Percent of People with Each Score

Your Score History

You have not taken this quiz